• 首页
  • 本馆介绍
  • 公告通知
  • 最新文献
  • 馆藏检索
  • 电子资源
  • 读者导购
  • 参考咨询
  • 我的图书馆
  • 登录
  • 详细信息显示
  • 放入我的书架
  • 预约/预借图书
  • 作者相关作品
  • 分类相关作品
  • 丛书相关作品
  • 出版社相关作品

书目信息

  • 表格格式
  • 工作单格式
  • 卡片格式
题名:
德国谚语
    
 
作者: 翁幸瑜 编著
分册:  
出版信息: 北京   外文出版社  2003
页数: 285页
开本: 17cm
丛书名:
单 册:
中图分类: H319.4 , I516.77 , H339.4
科图分类:
主题词: 德语--汉语--对照读物 , 谚语--德国--汇编 , 德语 , 汉语 , 谚语
电子资源:
ISBN: 7-119-03102-3
000 00808nam0 2200289 450
001 002442703
005 20220929145645.93
010    @a7-119-03102-3@dCNY16.00
100    @a20030903d2003 em y0chiy0110 ea
101 2  @achi@ager
102    @aCN@b110000
105    @aa z 001yy
200 1  @a德国谚语@Ade guo yan yu@e[德汉对照读物]@E[ de han dui zhao dou wu ]@f翁幸瑜编著@Fweng xing yu bian zhu
210    @a北京@c外文出版社@d2003
215    @a285页@c插图@d17cm
510 1  @aDeutsche Sprichworter@zger
606 0  @a德语@x汉语@j对照读物
606 0  @a谚语@y德国@j汇编
606 0  @a德语
606 0  @a汉语
606 0  @a谚语
690    @aH319.4@v4
690    @aI516.77@v4
690    @aH339.4@v3
701  0 @a翁幸瑜@Aweng xing yu@4编著
801  0 @aCN@bNLC@c20070805
905    @dH339.4@e128@f3
    
    德国谚语:[德汉对照读物]/翁幸瑜编著.-北京:外文出版社,2003
    285页:插图;17cm
    
    
    ISBN 7-119-03102-3:CNY16.00
    
●
相关链接 在E读中查询图书 在五车中查询图书 在当当中查询图书 在豆瓣中查询图书


正题名:德国谚语     索取号:H339.4/128         预约/预借

序号 登录号 条形码 馆藏地/架位号 状态 备注
1 0852342   208523427   第二样本阅览室/ [索取号:H339.4/128] 在馆    
2 0852343   208523436   第四借阅区/ [索取号:H339.4/128] 在馆    
3 0852344   208523445   第四借阅区/ [索取号:H339.4/128] 在馆    
4 1056954   210569543   密集书库-文学院/ [索取号:H339.4/128] 在馆    
唐山师范学院图书馆 欢迎您!
大连网信软件有限公司© 版权所有